000 01368nam a2200301 a 4500
001 BRCA_2487
005 20190320203831.0
008 211108s1844----fr-#---###---#000-0dspa-u
041 _aspa
044 _afr
084 _a128
_b.H56
_c1844
100 1 _aCervantes Saavedra, Miguel de
_d1547-1616
_9213
245 1 0 _aEl Ingenioso Hidalgo Don Quijote de la Mancha
_cMiguel de Cervantes Saavedra.
260 _aParís
_bCarlos Hingray
_c1844
300 _a695 p.
_c19 cm.
500 _aContenido : Advertencia del editor. Breve vida de Cervantes. Dedicatorias del autor. Prólogos del autor. Texto de ambas partes
500 _aEdición : Nueva edición corregida y anotada por Eugenio de Ochoa
500 _aLa primera edición corregida por E. Ochoa. Sigue la edición de Diego Clemencín cuyas notas reproduce en forma abreviada, tomando en cuenta las de Bowle, Pellicer y de la Academia. La impresión es mediana Lúdovik Osterc
500 _aQM109
650 1 4 _aNovela española
_yÉpoca clásica, 1500-1700
_9215
650 1 4 _aLiteratura española
_yÉpoca clásica, 1500-1700
_9216
650 1 4 _aNovela española
_ySiglo XVII
_9217
650 1 4 _aDon Quijote (Personaje ficticio)
_eNovela
_9218
700 1 _aOchoa y Montel, Eugenio
_d1815-1872
_eAnotador
_97180
740 0 _aEl Ingenioso Hidalgo Don Quijote de la Mancha
902 _aQFM
942 _2lcc
_cB
999 _c2228
_d2228